| 000 | 00908nam a2200301 a 4500 | ||
|---|---|---|---|
| 001 | 15533 | ||
| 003 | BD-RjUL | ||
| 005 | 20211208235834.0 | ||
| 008 | 871104r20082004ii ak 001 0 eng d | ||
| 020 | _a9788122428032 | ||
| 035 | _a(BD-RjUL)15588 | ||
| 040 |
_aBD-RjUL _beng _cBD-RjUL _dBD-RjUL |
||
| 041 | _aeng | ||
| 080 | _a658.012.2 | ||
| 082 |
_a658.404 _218 _bNAP 2008 |
||
| 100 | 1 |
_aNagarajan ,K . _948223 |
|
| 245 | 1 | 0 |
_aProject management / _cK Nagarajan. |
| 250 | _a3rd ed | ||
| 260 |
_aNew Delhi : _b New Age International (P) Ltd., _c2008. |
||
| 300 |
_axv, 606 p. : _bill. ; _c24 cm. + 1 guide ; 14 x 9 cm. |
||
| 504 | _aIncludes Bibliography and index | ||
| 650 | 0 |
_a Project management. _940478 |
|
| 650 | 0 |
_aProject management -- Case studies. _948224 |
|
| 651 | _2 Six sigma (Quality control standard | ||
| 942 |
_2ddc _cBK |
||
| 999 |
_c15533 _d15533 |
||